Statistics for Pi Digits #03 201-300

Click here to take the quiz!

General Stats

  • This quiz has been taken 102 times
  • The average score is 15 of 20

Answer Stats

Digits% Correct
10975
96%
44288
96%
34461
82%
66593
82%
19091
79%
27120
79%
28475
79%
37867
79%
64823
79%
83165
79%
45648
71%
02491
68%
13393
68%
34603
68%
41273
68%
45432
68%
48610
68%
56692
68%
60726
68%
66482
68%

Score Distribution

Percentile by Number Answered

Percent of People with Each Score

Your Score History

You have not taken this quiz